[Event "AUT-ch Internet"]
[Site "Wilhelm-Steinitz-Stadion"]
[Date "2020.10.04"]
[Round "1"]
[White "Sackbauer"]
[Black "En#passant"]
[Result "1-0"]
[WhiteElo "2498"]
[BlackElo "2259"]
[PlyCount "119"]
[EventDate "2020.10.04"]
[EventType "blitz"]

1. e4 {[%emt 0:00:03]} c5 {[%emt 0:00:02]} 2. Nf3 {[%emt 0:00:01]} d6 {[%emt 0:00:01]} 3. Bb5+ {[%emt 0:00:01]} Bd7 {[%emt 0:00:03]} 4. Bxd7+ {[%emt 0:00:02]} Qxd7 {[%emt 0:00:00]} 5. c4 {[%emt 0:00:01]} Nf6 {[%emt 0:00:03]} 6. Nc3 {[%emt 0:00:01]} g6 {[%emt 0:00:01]} 7. d4 {[%emt 0:00:01]} cxd4 {[%emt 0:00:01]} 8. Nxd4 {[%emt 0:00:01]} Bg7 {[%emt 0:00:01]} 9. f3 {[%emt 0:00:02]} O-O {[%emt 0:00:02]} 10. Be3 {[%emt 0:00:01]} Rc8 {[%emt 0:00:01]} 11. b3 {[%emt 0:00:19]} Nc6 {[%emt 0:00:08]} 12. O-O {[%emt 0:00:09]} a6 {[%emt 0:00:58]} 13. Qd3 {[%emt 0:00:15] Sackbauer reconnected.} Qd8 {[%emt 0:00:25]} 14. Rfd1 {[%emt 0:00:08]} Nd7 {[%emt 0:00:01]} 15. Rac1 {[%emt 0:00:21]} Nc5 {[%emt 0:00:05]} 16. Qd2 {[%emt 0:00:01]} Qa5 {[%emt 0:00:15]} 17. Nd5 {[%emt 0:00:25]} Qxd2 {[%emt 0:00:15]} 18. Rxd2 {[%emt 0:00:01]} Nxd4 {[%emt 0:00:04]} 19. Bxd4 {[%emt 0:00:01] Sackbauer reconnected.} Bxd4+ {[%emt 0:00:34]} 20. Rxd4 {[%emt 0:00:03]} Re8 {[%emt 0:00:00] Sackbauer reconnected.} 21. Nc7 {[%emt 0:00:01]} Ne6 {[%emt 0:00:01]} 22. Nxe6 {[%emt 0:00:02]} fxe6 {[%emt 0:00:01]} 23. e5 {[%emt 0:00:16]} dxe5 {[%emt 0:00:18]} 24. Rd7 {[%emt 0:00:15]} Rad8 {[%emt 0:00:01]} 25. Rcd1 {[%emt 0:00:03]} Rxd7 {[%emt 0:00:02]} 26. Rxd7 {[%emt 0:00:00]} Kf7 {[%emt 0:00:00]} 27. Kf2 {[%emt 0:00:12]} b5 {[%emt 0:00:03]} 28. Ke3 {[%emt 0:00:08]} bxc4 {[%emt 0:00:02]} 29. bxc4 {[%emt 0:00:01]} Rb8 {[%emt 0:00:00]} 30. Rd2 {[%emt 0:00:07]} Rc8 {[%emt 0:00:04]} 31. Rc2 {[%emt 0:00:09]} Rc5 {[%emt 0:00:01]} 32. Kd3 {[%emt 0:00:01]} Kf6 {[%emt 0:00:02]} 33. Kc3 {[%emt 0:00:04]} a5 {[%emt 0:00:01]} 34. Rb2 {[%emt 0:00:02]} Kf5 {[%emt 0:00:15]} 35. Rb5 {[%emt 0:00:05]} Rc7 {[%emt 0:00:04]} 36. Rxa5 {[%emt 0:00:04]} Kf4 {[%emt 0:00:01]} 37. Ra6 {[%emt 0:00:07]} e4 {[%emt 0:00:02]} 38. fxe4 {[%emt 0:00:02]} Kxe4 {[%emt 0:00:02]} 39. Rxe6+ {[%emt 0:00:02]} Kf5 {[%emt 0:00:00]} 40. Re2 {[%emt 0:00:08]} e5 {[%emt 0:00:00]} 41. a4 {[%emt 0:00:01]} e4 {[%emt 0:00:01]} 42. a5 {[%emt 0:00:01]} Kf4 {[%emt 0:00:01]} 43. a6 {[%emt 0:00:03]} e3 {[%emt 0:00:01]} 44. Ra2 {[%emt 0:00:07]} Ra7 {[%emt 0:00:03]} 45. c5 {[%emt 0:00:01]} e2 {[%emt 0:00:00]} 46. Rxe2 {[%emt 0:00:02]} Rxa6 {[%emt 0:00:00]} 47. Kc4 {[%emt 0:00:01]} h5 {[%emt 0:00:03]} 48. Kd5 {[%emt 0:00:01]} Ra3 {[%emt 0:00:01]} 49. c6 {[%emt 0:00:01]} Rd3+ {[%emt 0:00:01]} 50. Kc5 {[%emt 0:00:02]} Rc3+ {[%emt 0:00:01]} 51. Kd6 {[%emt 0:00:02]} g5 {[%emt 0:00:02]} 52. c7 {[%emt 0:00:02]} g4 {[%emt 0:00:01]} 53. Re6 {[%emt 0:00:09]} g3 {[%emt 0:00:07]} 54. hxg3+ {[%emt 0:00:05]} Kxg3 {[%emt 0:00:00]} 55. Rg6+ {[%emt 0:00:01]} Kf4 {[%emt 0:00:04]} 56. Kd7 {[%emt 0:00:01]} Rd3+ {[%emt 0:00:08]} 57. Rd6 {[%emt 0:00:01]} Rc3 {[%emt 0:00:00]} 58. Rc6 {[%emt 0:00:01]} Rd3+ {[%emt 0:00:00]} 59. Ke7 {[%emt 0:00:01]} Re3+ {[%emt 0:00:00]} 60. Kf7 {[%emt 0:00:01] En#passant gibt auf (Lag: Av=0.59s, max=1.0s)} 1-0

[Event "AUT-ch Internet"]
[Site "Wilhelm-Steinitz-Stadion"]
[Date "2020.10.04"]
[Round "1"]
[White "DoHoChess"]
[Black "Pjotr2402"]
[Result "0-1"]
[WhiteElo "2292"]
[BlackElo "2329"]
[Annotator "NA"]
[PlyCount "76"]
[EventDate "2020.10.04"]
[EventType "blitz"]

1. e4 {[%emt 0:00:05]} c5 {[%emt 0:00:05]} 2. Nf3 {[%emt 0:00:01]} d6 {[%emt 0:00:02]} 3. Bb5+ {[%emt 0:00:03]} Bd7 {[%emt 0:00:03]} 4. Bxd7+ {[%emt 0:00:02]} Qxd7 {[%emt 0:00:01]} 5. c4 {[%emt 0:00:03]} e5 {[%emt 0:00:03]} 6. d3 {[%emt 0:00:02]} Nc6 {[%emt 0:00:02]} 7. Nc3 {[%emt 0:00:02]} g6 {[%emt 0:00:07]} 8. a3 {[%emt 0:00:05]} Bg7 {[%emt 0:00:02]} 9. Rb1 {[%emt 0:00:01]} Nge7 {[%emt 0:00:12]} 10. h4 {[%emt 0:00:05]} h6 {[%emt 0:00:06]} 11. b4 {[%emt 0:00:11]} O-O {[%emt 0:00:12]} 12. Nd5 {[%emt 0:00:31]} cxb4 {[%emt 0:00:22]} 13. h5 {[%emt 0:00:12]} g5 {[%emt 0:00:28]} 14. Bxg5 {[%emt 0:00:33]} Nxd5 {[%emt 0:00:17]} 15. cxd5 {[%emt 0:00:05]} Nd4 {[%emt 0:00:06]} 16. Be3 {[%emt 0:00:42]} f5 {[%emt 0:00:23]} 17. Bxd4 {[%emt 0:00:10]} exd4 {[%emt 0:00:04]} 18. Rxb4 {[%emt 0:00:06]} fxe4 {[%emt 0:00:04]} 19. dxe4 {[%emt 0:00:00]} Rae8 {[%emt 0:00:10]} 20. O-O {[%emt 0:00:01]} Rxe4 {[%emt 0:00:03]} 21. Nxd4 {[%emt 0:00:01]} a5 {[%emt 0:00:20]} 22. Qd3 {[%emt 0:00:22]} Rff4 {[%emt 0:00:04]} 23. Rc4 {[%emt 0:00:15]} Rxd4 {[%emt 0:00:05]} 24. Rxd4 {[%emt 0:00:00]} Rxd4 {[%emt 0:00:02]} 25. Qg6 {[%emt 0:00:00]} Rxd5 {[%emt 0:00:04]} 26. Re1 {[%emt 0:00:01]} Re5 {[%emt 0:00:01]} 27. Rd1 {[%emt 0:00:01]} Re6 {[%emt 0:00:03]} 28. Qg4 {[%emt 0:00:01]} Qf7 {[%emt 0:00:01]} 29. Rc1 {[%emt 0:00:01]} d5 {[%emt 0:00:08]} 30. Rc8+ {[%emt 0:00:01]} Re8 {[%emt 0:00:01]} 31. Rc5 {[%emt 0:00:04]} Re1+ {[%emt 0:00:04]} 32. Kh2 {[%emt 0:00:01]} Re5 {[%emt 0:00:08]} 33. Rc8+ {[%emt 0:00:05]} Kh7 {[%emt 0:00:01]} 34. Kg1 {[%emt 0:00:03]} Re1+ {[%emt 0:00:02]} 35. Kh2 {[%emt 0:00:01]} Be5+ {[%emt 0:00:03]} 36. f4 {[%emt 0:00:03]} Qxf4+ {[%emt 0:00:01]} 37. Qxf4 {[%emt 0:00:01]} Bxf4+ {[%emt 0:00:00]} 38. g3 {[%emt 0:00:00]} Bg5 {[%emt 0:00:04] DoHoChess gibt auf (Lag: Av=0.67s, max=1.4s)} 0-1

[Event "AUT-ch Internet"]
[Site "Wilhelm-Steinitz-Stadion"]
[Date "2020.10.04"]
[Round "1"]
[White "Febloh"]
[Black "Konstantin Peyrer"]
[Result "1/2-1/2"]
[WhiteElo "2235"]
[BlackElo "2227"]
[PlyCount "113"]
[EventDate "2020.10.04"]
[EventType "blitz"]

{- Peyrer, Konstantin} 1. Nf3 {[%emt 0:00:05]} Nf6 {[%emt 0:00:01]} 2. g3 {[%emt 0:00:01]} g6 {[%emt 0:00:01]} 3. b3 {[%emt 0:00:02]} Bg7 {[%emt 0:00:00]} 4. Bb2 {[%emt 0:00:01]} O-O {[%emt 0:00:00]} 5. Bg2 {[%emt 0:00:01]} d6 {[%emt 0:00:01]} 6. d4 {[%emt 0:00:02]} c5 {[%emt 0:00:00]} 7. O-O {[%emt 0:00:01]} Nc6 {[%emt 0:00:01]} 8. c4 {[%emt 0:00:01]} cxd4 {[%emt 0:00:01]} 9. Nxd4 {[%emt 0:00:01]} Bd7 {[%emt 0:00:00]} 10. Nc3 {[%emt 0:00:01]} a6 {[%emt 0:00:03]} 11. Rc1 {[%emt 0:00:01]} Qa5 {[%emt 0:00:02]} 12. Qd2 {[%emt 0:00:07]} Rfc8 {[%emt 0:00:03]} 13. Rfd1 {[%emt 0:00:02]} Qh5 {[%emt 0:00:19]} 14. Nd5 {[%emt 0:00:18]} Nxd5 {[%emt 0:00:04]} 15. Bxd5 {[%emt 0:00:12]} Nxd4 {[%emt 0:00:27]} 16. Bxd4 {[%emt 0:00:02]} Bxd4 {[%emt 0:00:00]} 17. Qxd4 {[%emt 0:00:01]} Bc6 {[%emt 0:00:00]} 18. Qe4 {[%emt 0:00:27]} e6 {[%emt 0:00:09]} 19. Bxc6 {[%emt 0:00:04]} Rxc6 {[%emt 0:00:00]} 20. Rc2 {[%emt 0:00:05]} Rac8 {[%emt 0:00:04]} 21. Rcd2 {[%emt 0:00:01]} Qc5 {[%emt 0:00:07]} 22. Qf4 {[%emt 0:00:16]} Rd8 {[%emt 0:00:28]} 23. Qd4 {[%emt 0:00:42]} Qxd4 {[%emt 0:00:12]} 24. Rxd4 {[%emt 0:00:00]} b5 {[%emt 0:00:00]} 25. c5 {[%emt 0:00:24]} Rxc5 {[%emt 0:00:14]} 26. Rxd6 {[%emt 0:00:01]} Rxd6 {[%emt 0:00:00]} 27. Rxd6 {[%emt 0:00:01]} Rc2 {[%emt 0:00:00]} 28. Rxa6 {[%emt 0:00:03]} Rxe2 {[%emt 0:00:00]} 29. a3 {[%emt 0:00:16]} Rb2 {[%emt 0:00:02]} 30. b4 {[%emt 0:00:03]} Rb3 {[%emt 0:00:04]} 31. Ra5 {[%emt 0:00:06]} Kg7 {[%emt 0:00:03]} 32. h4 {[%emt 0:00:02]} h5 {[%emt 0:00:02]} 33. Kf1 {[%emt 0:00:08]} Kf6 {[%emt 0:00:01]} 34. Ke2 {[%emt 0:00:01]} e5 {[%emt 0:00:04]} 35. Rxb5 {[%emt 0:00:04]} Rxa3 {[%emt 0:00:02]} 36. Rb7 {[%emt 0:00:03]} Rb3 {[%emt 0:00:10]} 37. b5 {[%emt 0:00:02]} g5 {[%emt 0:00:01]} 38. hxg5+ {[%emt 0:00:10]} Kxg5 {[%emt 0:00:00]} 39. Rxf7 {[%emt 0:00:07]} Rxb5 {[%emt 0:00:02] Konstantin Peyrer bietet Remis} 40. Rg7+ {[%emt 0:00:02]} Kf6 {[%emt 0:00:02]} 41. Rh7 {[%emt 0:00:02]} Kg6 {[%emt 0:00:01]} 42. Rh8 {[%emt 0:00:01]} Rb3 {[%emt 0:00:05]} 43. Kf1 {[%emt 0:00:04]} Rb2 {[%emt 0:00:06]} 44. Kg2 {[%emt 0:00:01]} Rb3 {[%emt 0:00:04]} 45. Rf8 {[%emt 0:00:02]} Ra3 {[%emt 0:00:17]} 46. Kh3 {[%emt 0:00:02]} Ra4 {[%emt 0:00:01]} 47. Re8 {[%emt 0:00:04]} Re4 {[%emt 0:00:03]} 48. Kg2 {[%emt 0:00:02]} Kf7 {[%emt 0:00:05]} 49. Kf3 {[%emt 0:00:02]} Re1 {[%emt 0:00:04]} 50. Rh8 {[%emt 0:00:01]} Kg6 {[%emt 0:00:02]} 51. Ra8 {[%emt 0:00:02]} e4+ {[%emt 0:00:05]} 52. Kf4 {[%emt 0:00:08]} Re2 {[%emt 0:00:01]} 53. Ra6+ {[%emt 0:00:01]} Kg7 {[%emt 0:00:01]} 54. Ra7+ {[%emt 0:00:03]} Kg6 {[%emt 0:00:01]} 55. Ra6+ {[%emt 0:00:01]} Kg7 {[%emt 0:00:01]} 56. Ra7+ {[%emt 0:00:01]} Kg6 {[%emt 0:00:01]} 57. Ra6+ {[%emt 0:00:01] (Lag: Av=0.90s, max=1.6s)} 1/2-1/2

[Event "AUT-ch Internet"]
[Site "Wilhelm-Steinitz-Stadion"]
[Date "2020.10.04"]
[Round "1"]
[White "Valentin Dragnev"]
[Black "Shengel"]
[Result "1/2-1/2"]
[WhiteElo "2212"]
[BlackElo "2470"]
[PlyCount "31"]
[EventDate "2020.10.04"]
[EventType "blitz"]

1. d4 {[%emt 0:00:05]} d5 {[%emt 0:00:02]} 2. Nf3 {[%emt 0:00:02]} Nf6 {[%emt 0:00:07]} 3. Bg5 {[%emt 0:00:01]} e6 {[%emt 0:00:05]} 4. Nbd2 {[%emt 0:00:03]} Be7 {[%emt 0:00:04]} 5. e3 {[%emt 0:00:01]} Nbd7 {[%emt 0:00:09]} 6. Bd3 {[%emt 0:00:05]} b6 {[%emt 0:00:05]} 7. O-O {[%emt 0:00:03]} Bb7 {[%emt 0:00:01]} 8. Re1 {[%emt 0:00:07]} h6 {[%emt 0:00:14]} 9. Bh4 {[%emt 0:00:04]} O-O {[%emt 0:00:04]} 10. c3 {[%emt 0:00:02]} c5 {[%emt 0:00:06]} 11. h3 {[%emt 0:00:21]} Rc8 {[%emt 0:00:06]} 12. a4 {[%emt 0:00:08]} Ne4 {[%emt 0:00:13]} 13. Bxe7 {[%emt 0:00:02]} Qxe7 {[%emt 0:00:01]} 14. a5 {[%emt 0:00:21]} Nxd2 {[%emt 0:01:09]} 15. Qxd2 {[%emt 0:00:11]} e5 {[%emt 0:00:16]} 16. e4 {[%emt 0:01:12] Valentin Dragnev bietet Remis (Lag: Av=1.00s, max=1.9s)} 1/2-1/2

[Event "AUT-ch Internet"]
[Site "Wilhelm-Steinitz-Stadion"]
[Date "2020.10.04"]
[Round "1"]
[White "Tannika"]
[Black "Stefan Kindermann"]
[Result "0-1"]
[WhiteElo "2159"]
[BlackElo "2354"]
[PlyCount "82"]
[EventDate "2020.10.04"]
[EventType "blitz"]

1. e4 {[%emt 0:00:03]} e6 {[%emt 0:00:01]} 2. d4 {[%emt 0:00:01]} d5 {[%emt 0:00:01]} 3. Nc3 {[%emt 0:00:00]} Nf6 {[%emt 0:00:01]} 4. e5 {[%emt 0:00:01]} Nfd7 {[%emt 0:00:01]} 5. Nf3 {[%emt 0:00:01]} c5 {[%emt 0:00:01]} 6. dxc5 {[%emt 0:00:00]} Nc6 {[%emt 0:00:01]} 7. Bf4 {[%emt 0:00:01]} Bxc5 {[%emt 0:00:01]} 8. Bd3 {[%emt 0:00:03]} f6 {[%emt 0:00:01]} 9. exf6 {[%emt 0:00:07]} Nxf6 {[%emt 0:00:01]} 10. Qe2 {[%emt 0:00:04]} O-O {[%emt 0:00:01]} 11. O-O-O {[%emt 0:00:04]} a6 {[%emt 0:00:10]} 12. h4 {[%emt 0:00:12]} Bd7 {[%emt 0:00:06]} 13. h5 {[%emt 0:00:25]} Rc8 {[%emt 0:00:34]} 14. h6 {[%emt 0:00:50]} g6 {[%emt 0:00:02]} 15. Bg5 {[%emt 0:00:14]} Qa5 {[%emt 0:00:21]} 16. Ne5 {[%emt 0:00:34]} Nxe5 {[%emt 0:00:45]} 17. Qxe5 {[%emt 0:00:00]} Be7 {[%emt 0:00:01]} 18. Rh4 {[%emt 0:00:12]} Qc7 {[%emt 0:00:11]} 19. Qe3 {[%emt 0:00:15]} Bc5 {[%emt 0:00:12]} 20. Qe2 {[%emt 0:00:06]} Bd6 {[%emt 0:00:08]} 21. Kb1 {[%emt 0:00:03]} Rce8 {[%emt 0:00:09]} 22. Qf3 {[%emt 0:00:10]} Ne4 {[%emt 0:00:10]} 23. Qe2 {[%emt 0:00:10]} Rxf2 {[%emt 0:00:06]} 24. Qe3 {[%emt 0:00:06]} Nxc3+ {[%emt 0:00:13]} 25. bxc3 {[%emt 0:00:00]} Rf7 {[%emt 0:00:01]} 26. Qd4 {[%emt 0:00:01]} Be5 {[%emt 0:00:03]} 27. Qb4 {[%emt 0:00:03]} a5 {[%emt 0:00:02]} 28. Qb3 {[%emt 0:00:02]} Bxc3 {[%emt 0:00:06]} 29. Rg4 {[%emt 0:00:03]} a4 {[%emt 0:00:05]} 30. Qa3 {[%emt 0:00:01]} Bh8 {[%emt 0:00:11]} 31. Re1 {[%emt 0:00:03]} Qb6+ {[%emt 0:00:02]} 32. Kc1 {[%emt 0:00:01]} Rc8 {[%emt 0:00:01]} 33. Be3 {[%emt 0:00:04]} Qc7 {[%emt 0:00:03]} 34. Bd4 {[%emt 0:00:01]} Bxd4 {[%emt 0:00:03]} 35. Rxd4 {[%emt 0:00:02]} Qb6 {[%emt 0:00:03]} 36. Rg4 {[%emt 0:00:02]} Qf2 {[%emt 0:00:06]} 37. Rf1 {[%emt 0:00:02]} Qc5 {[%emt 0:00:04]} 38. Rxf7 {[%emt 0:00:02]} Qxa3+ {[%emt 0:00:02]} 39. Kd2 {[%emt 0:00:02]} Kxf7 {[%emt 0:00:01]} 40. Rf4+ {[%emt 0:00:01]} Ke7 {[%emt 0:00:01]} 41. Rf3 {[%emt 0:00:02]} Qb4+ {[%emt 0:00:04] Tannika gibt auf (Lag: Av=1.02s, max=1.7s)} 0-1

[Event "AUT-ch Internet"]
[Site "Wilhelm-Steinitz-Stadion"]
[Date "2020.10.04"]
[Round "1"]
[White "Lukas Breneis"]
[Black "S Baumegger"]
[Result "1/2-1/2"]
[WhiteElo "2139"]
[BlackElo "2179"]
[PlyCount "77"]
[EventDate "2020.10.04"]
[EventType "blitz"]

1. e4 {[%emt 0:00:04]} d5 {[%emt 0:00:02]} 2. exd5 {[%emt 0:00:04]} Qxd5 {[%emt 0:00:00]} 3. Nc3 {[%emt 0:00:03]} Qa5 {[%emt 0:00:01]} 4. Bc4 {[%emt 0:00:01]} Nf6 {[%emt 0:00:01]} 5. d4 {[%emt 0:00:05]} Bg4 {[%emt 0:00:02]} 6. f3 {[%emt 0:00:11]} Bf5 {[%emt 0:00:01]} 7. Bf4 {[%emt 0:00:16]} e6 {[%emt 0:00:11]} 8. Nge2 {[%emt 0:00:07]} c6 {[%emt 0:00:18]} 9. O-O {[%emt 0:00:23]} Be7 {[%emt 0:00:02]} 10. Qd2 {[%emt 0:00:08]} Nbd7 {[%emt 0:00:18]} 11. Rad1 {[%emt 0:00:16]} Qd8 {[%emt 0:00:16]} 12. Ng3 {[%emt 0:00:10]} Bg6 {[%emt 0:00:02]} 13. Nce4 {[%emt 0:00:01]} O-O {[%emt 0:00:22]} 14. Nd6 {[%emt 0:00:08]} Nb6 {[%emt 0:00:17]} 15. Nxb7 {[%emt 0:00:24]} Nxc4 {[%emt 0:00:15]} 16. Nxd8 {[%emt 0:00:01]} Nxd2 {[%emt 0:00:02]} 17. Nxc6 {[%emt 0:00:01]} Nxf1 {[%emt 0:00:13]} 18. Nxe7+ {[%emt 0:00:01]} Kh8 {[%emt 0:00:01]} 19. Nxg6+ {[%emt 0:00:00]} hxg6 {[%emt 0:00:03]} 20. Kxf1 {[%emt 0:00:16]} Rfc8 {[%emt 0:00:03]} 21. c3 {[%emt 0:00:04]} a5 {[%emt 0:00:02]} 22. Ke2 {[%emt 0:00:16]} a4 {[%emt 0:00:01]} 23. a3 {[%emt 0:00:03]} Ra6 {[%emt 0:00:08]} 24. Ne4 {[%emt 0:00:04]} Rb6 {[%emt 0:00:07]} 25. Bc1 {[%emt 0:00:02]} Nxe4 {[%emt 0:00:05]} 26. fxe4 {[%emt 0:00:01] Lukas Breneis bietet Remis} Kg8 {[%emt 0:00:28]} 27. Rd3 {[%emt 0:00:01]} f5 {[%emt 0:00:02]} 28. Kf3 {[%emt 0:00:10]} Kf7 {[%emt 0:00:01]} 29. g4 {[%emt 0:00:04]} Rb5 {[%emt 0:00:08]} 30. gxf5 {[%emt 0:00:12]} gxf5 {[%emt 0:00:02]} 31. e5 {[%emt 0:00:01]} g5 {[%emt 0:00:04]} 32. Rd2 {[%emt 0:00:11]} g4+ {[%emt 0:00:02]} 33. Kg2 {[%emt 0:00:10]} Kg6 {[%emt 0:00:03]} 34. Rf2 {[%emt 0:00:01]} Rb7 {[%emt 0:00:07]} 35. Bf4 {[%emt 0:00:01]} Rb5 {[%emt 0:00:10]} 36. Re2 {[%emt 0:00:01]} Rb7 {[%emt 0:00:02]} 37. Rf2 {[%emt 0:00:01]} Rb5 {[%emt 0:00:01]} 38. Re2 {[%emt 0:00:01]} Rb7 {[%emt 0:00:01]} 39. Rf2 {[%emt 0:00:01] (Lag: Av=0.68s, max=1.1s)} 1/2-1/2

[Event "AUT-ch Internet"]
[Site "Wilhelm-Steinitz-Stadion"]
[Date "2020.10.04"]
[Round "2"]
[White "Sackbauer"]
[Black "Lukas Breneis"]
[Result "1-0"]
[WhiteElo "2505"]
[BlackElo "2141"]
[PlyCount "107"]
[EventDate "2020.10.04"]
[EventType "blitz"]

1. e4 {[%emt 0:00:02]} c5 {[%emt 0:00:02]} 2. Nf3 {[%emt 0:00:01]} e6 {[%emt 0:00:01]} 3. g3 {[%emt 0:00:01]} Nf6 {[%emt 0:00:07]} 4. e5 {[%emt 0:00:04]} Nd5 {[%emt 0:00:01]} 5. Bg2 {[%emt 0:00:01]} Nc6 {[%emt 0:00:03]} 6. O-O {[%emt 0:00:03]} d6 {[%emt 0:00:01]} 7. exd6 {[%emt 0:00:03]} Bxd6 {[%emt 0:00:02]} 8. d4 {[%emt 0:00:05]} O-O {[%emt 0:00:05]} 9. c4 {[%emt 0:00:18]} Nb6 {[%emt 0:00:01]} 10. dxc5 {[%emt 0:00:11]} Bxc5 {[%emt 0:00:00]} 11. Qe2 {[%emt 0:00:15] Sackbauer reconnected.} Qf6 {[%emt 0:00:50]} 12. Nc3 {[%emt 0:00:07]} e5 {[%emt 0:00:18]} 13. Ne4 {[%emt 0:00:20]} Qe7 {[%emt 0:00:01]} 14. Nxc5 {[%emt 0:00:11]} Qxc5 {[%emt 0:00:00]} 15. b3 {[%emt 0:00:01]} Bg4 {[%emt 0:00:15]} 16. Qe3 {[%emt 0:00:03]} Qxe3 {[%emt 0:00:14]} 17. Bxe3 {[%emt 0:00:02]} Rad8 {[%emt 0:00:17]} 18. h3 {[%emt 0:00:07]} Bh5 {[%emt 0:00:06]} 19. Ng5 {[%emt 0:00:33] Sackbauer reconnected.} Nc8 {[%emt 0:00:27]} 20. g4 {[%emt 0:00:15]} Bg6 {[%emt 0:00:01]} 21. Rfd1 {[%emt 0:00:00]} Rfe8 {[%emt 0:00:20]} 22. Kh2 {[%emt 0:00:45]} h5 {[%emt 0:00:07]} 23. Ne4 {[%emt 0:00:05]} hxg4 {[%emt 0:00:15]} 24. hxg4 {[%emt 0:00:00]} Nd4 {[%emt 0:00:01]} 25. Nc3 {[%emt 0:00:06]} Nc2 {[%emt 0:00:08]} 26. Rac1 {[%emt 0:00:01]} Nxe3 {[%emt 0:00:01]} 27. fxe3 {[%emt 0:00:00]} b6 {[%emt 0:00:07]} 28. Nb5 {[%emt 0:00:04]} a6 {[%emt 0:00:02]} 29. Nc7 {[%emt 0:00:01]} Rf8 {[%emt 0:00:02]} 30. Nxa6 {[%emt 0:00:03]} Nd6 {[%emt 0:00:03]} 31. Nb4 {[%emt 0:00:03]} Ne4 {[%emt 0:00:03]} 32. Nd5 {[%emt 0:00:02]} Nf2 {[%emt 0:00:02]} 33. Ne7+ {[%emt 0:00:03]} Kh7 {[%emt 0:00:01]} 34. Rxd8 {[%emt 0:00:02]} Rxd8 {[%emt 0:00:01]} 35. Kg3 {[%emt 0:00:00]} Ne4+ {[%emt 0:00:01]} 36. Bxe4 {[%emt 0:00:05]} Bxe4 {[%emt 0:00:00]} 37. Nd5 {[%emt 0:00:01]} Bxd5 {[%emt 0:00:01]} 38. Rd1 {[%emt 0:00:00]} Ra8 {[%emt 0:00:04]} 39. Rxd5 {[%emt 0:00:03]} Rxa2 {[%emt 0:00:02]} 40. Rxe5 {[%emt 0:00:01]} Ra6 {[%emt 0:00:07]} 41. Rb5 {[%emt 0:00:03]} f6 {[%emt 0:00:01]} 42. Kf4 {[%emt 0:00:01]} Kg6 {[%emt 0:00:01]} 43. Ke4 {[%emt 0:00:00]} Kf7 {[%emt 0:00:04]} 44. Kd5 {[%emt 0:00:01]} Ra7 {[%emt 0:00:04]} 45. Rxb6 {[%emt 0:00:02]} Re7 {[%emt 0:00:00]} 46. e4 {[%emt 0:00:01]} Re5+ {[%emt 0:00:01]} 47. Kd4 {[%emt 0:00:02]} Rg5 {[%emt 0:00:02]} 48. c5 {[%emt 0:00:01]} Rxg4 {[%emt 0:00:01]} 49. c6 {[%emt 0:00:01]} Rg1 {[%emt 0:00:03]} 50. b4 {[%emt 0:00:04]} Ke6 {[%emt 0:00:03]} 51. b5 {[%emt 0:00:02]} Kd6 {[%emt 0:00:01]} 52. Rb7 {[%emt 0:00:01]} Rd1+ {[%emt 0:00:03]} 53. Kc4 {[%emt 0:00:01]} g5 {[%emt 0:00:00]} 54. Rd7+ {[%emt 0:00:02] Lukas Breneis gibt auf (Lag: Av=0.89s, max=1.2s)} 1-0

[Event "AUT-ch Internet"]
[Site "Wilhelm-Steinitz-Stadion"]
[Date "2020.10.04"]
[Round "2"]
[White "Stefan Kindermann"]
[Black "DoHoChess"]
[Result "1-0"]
[WhiteElo "2367"]
[BlackElo "2277"]
[PlyCount "113"]
[EventDate "2020.10.04"]
[EventType "blitz"]

1. d4 {[%emt 0:00:02]} d5 {[%emt 0:00:01]} 2. Nf3 {[%emt 0:00:01]} Nf6 {[%emt 0:00:01]} 3. g3 {[%emt 0:00:01]} e6 {[%emt 0:00:10]} 4. Bg2 {[%emt 0:00:01]} Be7 {[%emt 0:00:01]} 5. O-O {[%emt 0:00:01]} O-O {[%emt 0:00:01]} 6. c4 {[%emt 0:00:01]} c6 {[%emt 0:00:01]} 7. Nbd2 {[%emt 0:00:02]} b6 {[%emt 0:00:02]} 8. Qc2 {[%emt 0:00:01]} Bb7 {[%emt 0:00:01]} 9. e4 {[%emt 0:00:02]} c5 {[%emt 0:00:01]} 10. exd5 {[%emt 0:00:22]} exd5 {[%emt 0:00:01]} 11. dxc5 {[%emt 0:00:02]} Bxc5 {[%emt 0:00:03]} 12. a3 {[%emt 0:00:05]} dxc4 {[%emt 0:00:11]} 13. Nxc4 {[%emt 0:00:03]} Be4 {[%emt 0:00:04]} 14. Qa4 {[%emt 0:00:14]} Nc6 {[%emt 0:00:45]} 15. Bg5 {[%emt 0:00:24]} h6 {[%emt 0:00:19]} 16. Rad1 {[%emt 0:00:02]} Qe7 {[%emt 0:00:01]} 17. Bf4 {[%emt 0:00:25]} Rad8 {[%emt 0:00:06]} 18. b4 {[%emt 0:00:06]} Nd4 {[%emt 0:00:01]} 19. Nxd4 {[%emt 0:00:22]} Bxd4 {[%emt 0:00:07]} 20. Qb3 {[%emt 0:00:17]} Bxg2 {[%emt 0:00:05]} 21. Kxg2 {[%emt 0:00:01]} Qe4+ {[%emt 0:00:02]} 22. Qf3 {[%emt 0:00:02]} Qc2 {[%emt 0:00:09]} 23. Nd6 {[%emt 0:00:06]} Bb2 {[%emt 0:00:34]} 24. Rd2 {[%emt 0:00:02]} Qc3 {[%emt 0:00:00]} 25. Rd3 {[%emt 0:00:02]} Qc2 {[%emt 0:00:07]} 26. Rfd1 {[%emt 0:00:04]} g5 {[%emt 0:00:10]} 27. Be3 {[%emt 0:00:19]} Be5 {[%emt 0:00:10]} 28. R3d2 {[%emt 0:00:02]} Qc7 {[%emt 0:00:11]} 29. Nf5 {[%emt 0:00:03]} Rxd2 {[%emt 0:00:04]} 30. Rxd2 {[%emt 0:00:03]} Kh7 {[%emt 0:00:01]} 31. h4 {[%emt 0:00:03]} g4 {[%emt 0:00:01]} 32. Qe2 {[%emt 0:00:03]} Qc6+ {[%emt 0:00:01]} 33. Kh2 {[%emt 0:00:03]} h5 {[%emt 0:00:04]} 34. Bg5 {[%emt 0:00:06]} Re8 {[%emt 0:00:04]} 35. Bxf6 {[%emt 0:00:24]} Bxf6 {[%emt 0:00:00]} 36. Qd3 {[%emt 0:00:04]} Qe4 {[%emt 0:00:01]} 37. Qxe4 {[%emt 0:00:02]} Rxe4 {[%emt 0:00:00]} 38. Kg2 {[%emt 0:00:03]} Kg6 {[%emt 0:00:03]} 39. Ne3 {[%emt 0:00:01]} Re7 {[%emt 0:00:05]} 40. Nd5 {[%emt 0:00:02]} Re6 {[%emt 0:00:10]} 41. Nf4+ {[%emt 0:00:01]} Kf5 {[%emt 0:00:01]} 42. Nxe6 {[%emt 0:00:01]} Kxe6 {[%emt 0:00:00]} 43. f3 {[%emt 0:00:01]} gxf3+ {[%emt 0:00:04]} 44. Kxf3 {[%emt 0:00:01]} Bc3 {[%emt 0:00:01]} 45. Rd3 {[%emt 0:00:02]} Be5 {[%emt 0:00:01]} 46. g4 {[%emt 0:00:01]} hxg4+ {[%emt 0:00:01]} 47. Kxg4 {[%emt 0:00:01]} f5+ {[%emt 0:00:00]} 48. Kg5 {[%emt 0:00:01]} f4 {[%emt 0:00:01]} 49. Kg4 {[%emt 0:00:03]} Kf6 {[%emt 0:00:02]} 50. h5 {[%emt 0:00:01]} Bb8 {[%emt 0:00:01]} 51. Rd7 {[%emt 0:00:01]} a5 {[%emt 0:00:04]} 52. bxa5 {[%emt 0:00:02]} bxa5 {[%emt 0:00:00]} 53. h6 {[%emt 0:00:01]} Kg6 {[%emt 0:00:01]} 54. h7 {[%emt 0:00:03]} Be5 {[%emt 0:00:00]} 55. a4 {[%emt 0:00:07]} Kh6 {[%emt 0:00:04]} 56. Re7 {[%emt 0:00:06]} Bf6 {[%emt 0:00:03]} 57. Re6 {[%emt 0:00:02] DoHoChess gibt auf (Lag: Av=0.48s, max=0.7s)} 1-0